000 01324nam a2200349 i 4500
001 021300021
003 Uk
005 20251212131551.0
007 t|
008 241219t20252025nyua b 001|0 eng|d
020 _a9780197778784
_qpaperback
040 _aStDuBDS
_beng
_cStDuBDS
_erda
_dMY-SjTCS
082 0 4 _a909
_bVON 2025
100 1 _aVon Sivers, Peter,
_eauthor.
_9306718
245 1 0 _aPatterns of world history.
_nVolume two,
_pFrom 1400, with sources /
_cPeter von Sivers, Charles A. Desnoyers, George B. Stow ; with contributions by Kristen Geaman.
250 _aFifth edition.
264 1 _aNew York, NY :
_bOxford University Press,
_c[2025]
264 4 _c©2025
300 _a720 pages :
_billustrations
300 _axxxi, [447], S31-12, R-11, C-3, SI-4, I-37 pages :
_billustrations (chiefly colour), maps ;
_c26 cm
336 _atext
_2rdacontent
336 _astill image
_2rdacontent
337 _aunmediated
_2rdamedia
338 _avolume
_2rdacarrier
504 _aIncludes bibliographical references and indexes.
650 0 _aWorld history.
_995069
650 0 _aWorld history
_vTextbooks
_9306721
700 1 _aDesnoyers, Charles,
_d1952-
_eauthor.
_9306719
700 1 _aStow, George B.,
_eauthor.
_9306720
700 1 _aGeaman, Kristen L.,
_d1985-
_econtributor.
_9308819
920 _aSLAS : 339807
999 _c192791